Las grandes amistades: recuerdos
Uloženo v:
| Hlavní autor: | |
|---|---|
| Médium: | Kniha |
| Jazyk: | španělština |
| Vydáno: |
Santiago
Difusión
1942
|
| Edice: | Colección Verbo
|
| Témata: | |
| Tagy: |
Přidat tag
Žádné tagy, Buďte první, kdo vytvoří štítek k tomuto záznamu!
|
MARC
| LEADER | 00000cam a2200000 a 4500 | ||
|---|---|---|---|
| 001 | UCH8227 | ||
| 003 | CL-VaPUC | ||
| 008 | 091127e19420000CL |||||||||||||||||spa|d | ||
| 082 | 0 | 4 | |a 843 |b MAR |2 21 |
| 100 | |a Maritain, Raïssa |e autora |9 319370 | ||
| 245 | 1 | 4 | |a Las grandes amistades: recuerdos |
| 300 | |a 262 p | ||
| 942 | |c BK | ||
| 945 | |d 20091127 00:00:00 |a lazolas | ||
| 260 | |a Santiago |b Difusión |c 1942 | ||
| 650 | 0 | |a Literatura francesa |9 266330 | |
| 650 | 0 | |a Novela francesa |9 264985 | |
| 650 | 0 | |a Amistad |9 307341 | |
| 583 | |a last modification |c 20160520 16:17:41 |k Rodrigo Vera | ||
| 490 | 0 | |a Colección Verbo | |
| 999 | |c 338459 |d 338457 | ||
| 952 | |0 0 |1 0 |3 erb |4 0 |6 843_000000000000000_MAR_1942 |7 0 |8 X |9 431498 |a FDOBUD |b FDOBUD |i 5107202 |o 843 MAR 1942 |p 5107202 |r 2019-11-22 |w 2019-11-22 |y BK_X |z Catalogado en:20141113 |k BUD | ||